000 00308nam a22001337a 4500
005 20231109142035.0
008 231109b ||||| |||| 00| 0 eng d
040 _cAL
041 _aEnglish
082 _223
_a301.24
_bTOFF
100 _aTOFFLER (Alvin)
_9141360
245 _aFuture shock
942 _2ddc
_cSG
999 _c229167
_d229167